000 00214nam a22000857a 4500
008 161207b xxu||||| |||| 00| 0 eng d
100 _91877
_aDavidson. A. J
245 _aThe story of Jonah
260 _aAmerica
_bC. R
_c1984
999 _c4627
_d4627